Statistics for British things [pic]

Click here to take the quiz!

General Stats

  • This quiz has been taken 40 times
  • The average score is 10 of 16

Answer Stats

Answer% Correct
Stonehenge
97%
Monarch
94%
Bagpipe
91%
Fish and chips
91%
Beer
89%
Sir Richard Branson
86%
Wales
80%
Florence Nightingale
69%
Haggis
66%
Monty Python
66%
Black pudding
63%
Brontë sisters
51%
Rain
49%
James Cook
11%
Imperialism
6%
Sir Tim Berners-Lee
3%

Score Distribution

Percentile by Number Answered

Percent of People with Each Score

Your Score History

You have not taken this quiz